Dopasuj miasto do Landu (Niemcy) - Statystyki

Ogólne statystyki
  • Ten quiz został rozwiązany 38 razy
  • Średni wynik to 8 z 14
Statystyki odpowiedzi
Miasto Land % Poprawnych
Drezno Saksonia
88%
Brema Brema
82%
Kolonia Nadrenia Północna-Westfalia
70%
Saarbrucken Saara
64%
Chociebuż Brandenburgia
61%
Rostock Meklemburgia-Pomorze Przednie
61%
Fryburg Bryzgowijski Badenia-Wirtembergia
55%
Ulm Badenia-Wirtembergia
52%
Bonn Nadrenia Północna-Westfalia
52%
Kassel Hesja
48%
Lubeka Szlezwik-Holsztyn
48%
Karlsruhe Badenia-Wirtembergia
42%
Kaiserslautern Nadrenia-Palatynat
36%
Oldenburg Dolna Saksonia
33%
Nie znaleziono quizów pasujących do podanych kryteriów
Rozkład punktacji
Procent ludzi z każdym wynikiem
Percentyl według liczby udzielonych odpowiedzi
Twoja historia wyników
Nie rozwiązałeś tego quizu